Подготовка специалистов в области неразрушающего контроля качества; Известия Томского политехнического университета [Известия ТПУ]; Неразрушающий контроль и диагностика

Detalles Bibliográficos
Parent link:Известия Томского политехнического университета [Известия ТПУ]/ Томский политехнический университет (ТПУ).— , 2000-
Неразрушающий контроль и диагностика.— 1998.— [С. 43-45]
Autor principal: Кулешов В. К. Валерий Константинович
Otros Autores: Чахлов В. Л. Владимир Лукьянович, Сидуленко О. А. Олег Анатольевич
Sumario:Заглавие с титульного листа
Электронная версия печатной публикации
Рассмотрены вопросы подготовки специалистов в области контроля и управления качеством на кафедре ФМПК и НИИинтроскопии Томского политехнического университета и задачи, возникающие в современных условиях.
Lenguaje:ruso
Publicado: 1998
Materias:
Acceso en línea:http://www.lib.tpu.ru/fulltext/v/Bulletin_TPU/1998/11.pdf
Formato: Electrónico Capítulo de libro
KOHA link:https://koha.lib.tpu.ru/cgi-bin/koha/opac-detail.pl?biblionumber=161664

MARC

LEADER 00000nla2a2200000 4500
001 161664
005 20231031155946.0
035 |a (RuTPU)RU\TPU\book\175310 
035 |a RU\TPU\book\175307 
090 |a 161664 
100 |a 20090610d1998 k y0rusy50 ca 
101 0 |a rus 
102 |a RU 
135 |a drnn ---uucaa 
181 0 |a i  
182 0 |a b 
200 1 |a Подготовка специалистов в области неразрушающего контроля качества  |b Электронный ресурс  |f В. К. Кулешов, В. Л. Чахлов, О. А. Сидуленко 
203 |a Текст  |c электронный 
215 |a 1 файл (482 Кб) 
230 |a Электронные текстовые данные (1 файл : 482 Кб) 
300 |a Заглавие с титульного листа 
300 |a Электронная версия печатной публикации 
330 |a Рассмотрены вопросы подготовки специалистов в области контроля и управления качеством на кафедре ФМПК и НИИинтроскопии Томского политехнического университета и задачи, возникающие в современных условиях. 
337 |a Adobe Reader 
461 1 |0 (RuTPU)RU\TPU\book\176237  |t Известия Томского политехнического университета [Известия ТПУ]  |f Томский политехнический университет (ТПУ)  |d 2000-  
463 1 |0 (RuTPU)RU\TPU\book\15040  |y 5-89503-028-9  |t Неразрушающий контроль и диагностика  |o сборник статей  |f под ред. В. Л. Чахлова  |v [С. 43-45]  |d 1998  |p 128 с. 
610 1 |a неразрушающий контроль 
610 1 |a качество 
610 1 |a подготовка специалистов 
610 1 |a труды учёных ТПУ 
610 1 |a электронный ресурс 
700 1 |a Кулешов  |b В. К.  |c специалист в области неразрушающего контроля  |c профессор Томского политехнического университета, доктор технических наук  |f 1939-  |g Валерий Константинович  |2 stltpush  |3 (RuTPU)RU\TPU\pers\19828 
701 1 |a Чахлов  |b В. Л.  |c физик  |c заслуженный деятель науки и техники Российской Федерации  |c заслуженный профессор Томского политехнического университета, доктор технических наук  |f 1934-2011  |g Владимир Лукьянович  |2 stltpush  |3 (RuTPU)RU\TPU\pers\19882 
701 1 |a Сидуленко  |b О. А.  |c специалист в области неразрушающего контроля  |c профессор Томского политехнического университета, доктор технических наук  |f 1958-  |g Олег Анатольевич  |2 stltpush  |3 (RuTPU)RU\TPU\pers\27098 
801 1 |a RU  |b 63413507  |c 20090610  |g PSBO 
801 2 |a RU  |b 63413507  |c 20210317  |g PSBO 
856 4 |u http://www.lib.tpu.ru/fulltext/v/Bulletin_TPU/1998/11.pdf 
942 |c CF